Urban structure matters : rasidential location,car dependence and travel behaviour

Main Author: Naess, Petter
Language:English
Published: New York: Routledge, 2006.
Series:The RTPI library series
Subjects:
LEADER 00891cam a2200217 7i4500
001 0000058609
005 20080414090000.0
008 080414s2006 nyua eng
020 # # |a 0415375746 (hbk.)  
020 # # |a 9780415375740 (hbk.)  
090 0 0 |a HT 169 .D42   |b C5 2006 
100 1 # |a Naess, Petter  
245 0 0 |a Urban structure matters :   |b rasidential location,car dependence and travel behaviour   |c Patter Naess. 
260 # # |a New York:   |b Routledge,   |c 2006. 
300 # # |a xi, 328 p.:   |b ill., maps;   |c 24 cm.. 
490 0 0 |a The RTPI library series 
650 0 0 |a Urban transportation --   |z Denmark --   |z Copenhagen Metropolitan Area  
650 0 0 |a Sociology, Urban --   |z Denmark --   |z Copenhagen Metropolitan Area  
650 0 0 |a Sustainable development --   |z Denmark  
650 0 0 |a City planning --   |z Denmark --   |z Copenhagen Metropolitan Area  
999 |a 1100054206  |b Book  |c Open Shelf  |e KOLEKSI TERBUKA